000
00298nam a2200109Ia 4500
008
190216s9999||||xx |||||||||||||| ||und||
100
_a
Vasant Desai
245
0
_a
Dynamics Of Entrepreneurial Development And Management
260
_b
Prentice Hall Of India Pvt Ltd
_c
1996
300
_a
59p
942
_c
BK
999
_c
5916
_d
5916